000 00686nam a2200169 a 4500
008 120416s1973 ||||||||||||||||| || u
020 _a027331775x
050 _aTK 5102.5 Ren
100 _aRenton, Robert Norman
245 1 0 _aData telecommunication
260 _aLondon:
_bPitman
_c1973
300 _aviii, 227p. : ill.
350 _a0.00
650 _aDATA TRANSMISSION SYSTEMS
995 _D0.00
_FCBU-MAIN LIBRARY (Kitwe)
_H1
_I2.75
_UDAMAGED
_ZMain Library Open Access Collection
995 _D0.00
_FCBU-MAIN LIBRARY (Kitwe)
_H2
_I2.75
_ULOST
_ZMain Library Open Access Collection
999 _c62693
_d62693